000 00424nam a22001697a 4500
003 NUST - PNEC
005 20170116181157.0
008 160112b xxu||||| |||| 00| 0 eng d
020 _a-
040 _cLIBRARY
082 _a438.34 AUF
100 _916000
_aAufderstrasse, Hartmut
245 _aThemen NEU
_c Hartmut Aufderstrasse
260 _cc1994.
650 _916002
_aGerman language-
_xGeneral
942 _2ddc
_cBK
999 _c71251
_d71251